| 000 | 00580nam a2200205Ia 4500 | ||
|---|---|---|---|
| 008 | 160803s9999 xx 000 0 und d | ||
| 020 | _a0 439693268 | ||
| 100 | _aOchiltree, Dianne | ||
| 245 | _aBart's amazing charts / | ||
| 245 | _cby Dianne Ochiltree ; illustrated by Martin Lemelman ; math activities by Marilyn Burns. | ||
| 260 | _aNew York : | ||
| 260 | _bScholastic Inc. | ||
| 260 | _c1999 | ||
| 300 | _a29 unnumbered pages : | ||
| 300 | _bcolor ilustrations. ; | ||
| 300 | _c23 cm. | ||
| 650 | _aGraphic methods -- | ||
| 650 | _xFiction. | ||
| 700 | _a220 | ||
| 999 |
_c299109 _d299109 |
||